Devinez la Capitale Mystère #102 - Statistiques

Statistiques générales
  • Ce quiz a été pris 121 fois
  • Le résultat moyen est 25 sur 33
Statistiques - réponses
Type de Réponse Réponse % Correct
Lettre de l'Alphabet A
100%
Lettre de l'Alphabet I
100%
Lettre de l'Alphabet R
100%
Lettre Trouvée O
97%
Lettre Trouvée E
96%
Lettre Trouvée P
96%
Lettre Trouvée S
96%
Lettre de l'Alphabet L
95%
Lettre de l'Alphabet M
95%
Lettre de l'Alphabet N
95%
Lettre de l'Alphabet B
92%
Lettre de l'Alphabet T
92%
Lettre de l'Alphabet D
89%
Lettre de l'Alphabet U
87%
Lettre de l'Alphabet G
85%
Lettre Trouvée K
83%
Lettre de l'Alphabet C
82%
Lettre de l'Alphabet H
79%
Lettre Bien Placée E
77%
Lettre de l'Alphabet W
74%
Lettre de l'Alphabet V
67%
Lettre de l'Alphabet X
66%
Lettre de l'Alphabet Y
64%
Lettre Bien Placée S
61%
Lettre Bien Placée O
60%
Lettre Trouvée J
57%
Lettre de l'Alphabet F
56%
Lettre de l'Alphabet Z
56%
Lettre de l'Alphabet Q
49%
Lettre Bien Placée J
47%
Lettre Bien Placée P
47%
Lettre Bien Placée K
45%
Capitale Mystère Skopje
45%
Aucun quiz correspondant
Distribution des résultats
% des personnes avec chaque résultat
Percentile par nombre de réponses
Votre historique - résultats
Vous n’avez pas pris ce quiz